000
00324nam a2200133Ia 4500
005
20251222144923.0
008
251222s9999||||xx |||||||||||||| ||spa||
020
_a
84-227-0585-9
082
_a
372.21/A62
100
_a
Antinori, Fabrizia
245
0
_a
¿Guardería o Comunidad Educadora?
264
_b
Narcea
942
_c
LIB
999
_c
22783
_d
22783